Régimen jurídico de la propiedad horizontal : Doctrina científica y jurisprudencia. Legislación. Formularios /

Guardado en:
Autor Principal: Pons González, Manuel
Otros Autores: Del Arco, Miguel Angel
Formato: Libro
Idioma:Spanish
Publicado: Madrid : Trivium, 1982
Materias:
Etiquetas: Agregar Etiqueta
Sin Etiquetas, Sea el primero en etiquetar este registro!
LEADER 00644nam a22001815a 4500
001 DER.der001882
005 20170825000000.0
008 180615s1982####||||||||||||||||||||spa||
020 |a 84-86144-05-1 
100 1 |a Pons González, Manuel 
245 1 0 |a Régimen jurídico de la propiedad horizontal :  |b Doctrina científica y jurisprudencia. Legislación. Formularios /  |c Manuel Pons González , Miguel Angel Del Arco 
260 |a Madrid :  |b Trivium,  |c 1982 
300 0 |a 427 p. 
653 |a DOCTRINA CIENTIFICA 
653 |a JURISPRUDENCIA 
653 |a LEGISLACION 
700 1 |a Del Arco, Miguel Angel 
859 |a DERECHO  |b BIB. DERECHO  |h 346.043.3  |i PON  |p 003984